Plats traditionnels par Pays - Statistiques

Statistiques générales
  • Ce quiz a été pris 278 fois
  • Le résultat moyen est 6 sur 24
Statistiques - réponses
Par images Hint Réponse % Correct
Vietnam Pho
90%
Japon Ramen
81%
Suisse Fondue
79%
Israel Falafel
68%
Portugal Pastel de Nata
53%
Mali Mafé
52%
Grèce Tzatziki
38%
Thaïlande Pad Thaï
33%
Belgique Vol-au-vent
32%
Russie Blinis
28%
Hongrie Goulash
23%
Norvège Hareng
23%
Australie Vegemite
13%
Ouzbékistan Plov
3%
Canada Tarte au beurre
2%
Kazakhstan Thé au lait
2%
Ukraine Poulet à la Kiev
1%
Zimbabwe Sadza
1%
Luxembourg Soupe aux haricots verts
1%
Danemark Anguille roulée
0%
Fidji Kakoda
0%
Estonie Karask
0%
Qatar Machboos
0%
Yemen Mandi
0%
Aucun quiz correspondant
Distribution des résultats
% des personnes avec chaque résultat
Percentile par nombre de réponses
Votre historique - résultats
Vous n’avez pas pris ce quiz